[Event "AUTO-ADV-4922"]
[Site "http://www.queenalice.com/game.php?id=1870106"]
[Date "2026.3.5"]
[Round "1"]
[White "SGF"]
[Black "zubarev"]
[Result "1-0"]
[WhiteElo "1728"]
[BlackElo "1773"]

1. e4 e5 2. Qf3 Nc6 3. c3 d6 4. d3 Be7 5. Be2 Nf6 6. Qg3 O-O 7. Bh6 Ne8 8. h4
Kh8 9. Bxg7+ Nxg7 10. h5 h6 11. Nd2 f5 12. b4 f4 13. Qf3 Bg5 14. Nh3 a5 15. b5
Ne7 16. a4 c6 17. Nxg5 hxg5 18. h6 Ne6 19. h7 Ng6 20. g4 d5 21. Rh6 Nh4 22. Qh3
Qe7 23. bxc6 bxc6 24. Nf3 Nxf3+ 25. Bxf3 Ra7 26. exd5 cxd5 27. Bxd5 Qxh7 28. Be4
Rff7 29. Bxh7 Rxh7 30. O-O-O Rxh6 31. Qxh6+ Rh7 32. Qf6+ Kg8 33. Qxe5 Rh2 34. f3
Kf7 35. Qxa5 Rf2 36. Qa7+ 1-0

[Event "AUTO-ADV-4922"]
[Site "http://www.queenalice.com/game.php?id=1870107"]
[Date "2026.3.5"]
[Round "1"]
[White "zubarev"]
[Black "SGF"]
[Result "1-0"]
[WhiteElo "1739"]
[BlackElo "1729"]

1. d4 e6 2. c4 Bb4+ 3. Nc3 d5 4. cxd5 Qxd5 5. Nf3 f6 6. e3 Bd7 7. Bd3 h5 8. O-O
Bxc3 9. bxc3 a6 10. e4 Qc6 11. e5 Qxc3 12. Be3 Nc6 13. Bg6+ Ke7 14. Rc1 Qb4 15.
Rb1 Qa3 16. Rxb7 Qxa2 17. Rxc7 a5 18. Qc1 Ra6 19. Bd3 Ra7 20. Qxc6 Rxc7 21. Qxc7
Qa4 22. Qc5+ Kd8 23. Qf8+ Be8 24. Qxg7 Ne7 25. Qxh8 fxe5 26. Nxe5 Qb3 27. Bc4
Qc2 28. Bxe6 a4 29. Qg7 a3 30. Bg5 Qc7 31. Qxe7+ Qxe7 32. Bxe7+ Kxe7 33. Ba2 Kd6
34. Nc4+ Kd5 35. Nxa3+ Kxd4 36. Rc1 Kd3 37. Kf1 Kd2 38. Re1 Bg6 39. Nc4+ Kc2 40.
Ne5 Bf5 41. Bb1+ Kd2 42. Bxf5 h4 43. g3 hxg3 44. fxg3 Kc3 45. g4 Kd4 46. g5 Kd5
47. g6 Kd6 48. g7 Ke7 49. g8=Q Kf6 50. Qf7+ Kg5 51. Qg6+ Kf4 52. Qg4# 1-0

[Event "AUTO-OPEN-4642"]
[Site "http://www.queenalice.com/game.php?id=1870215"]
[Date "2026.3.7"]
[Round "1"]
[White "maurice916"]
[Black "SGF"]
[Result "1-0"]
[WhiteElo "1839"]
[BlackElo "1768"]

1. Nf3 f6 2. d4 d5 3. Bf4 g5 4. Bg3 h5 5. h3 g4 6. hxg4 Bxg4 7. e3 Nc6 8. Be2 e6
9. c3 a5 10. Qc2 a4 11. Qg6+ Ke7 12. Qd3 Bxf3 13. Bxf3 Ke8 14. Nd2 Bd6 15. Rxh5
Rxh5 16. Bxh5+ Ke7 17. Bxd6+ Qxd6 18. Bf3 Qh2 19. O-O-O Qh4 20. g3 Qg5 21. Kb1
Nh6 22. e4 Kd6 23. exd5 exd5 24. c4 Nb4 25. Qa3 c5 26. dxc5+ Kxc5 27. Bxd5 Rb8
28. Ne4+ Kb6 29. Qxb4+ Kc7 30. Nxg5 fxg5 31. Qe7+ Kb6 32. Qf6+ Kc5 33. Qxh6 g4
34. b3 a3 35. Bg2 b5 36. Qd6# 1-0

[Event "AUTO-OPEN-4642"]
[Site "http://www.queenalice.com/game.php?id=1870216"]
[Date "2026.3.7"]
[Round "1"]
[White "SGF"]
[Black "maurice916"]
[Result "0-1"]
[WhiteElo "1771"]
[BlackElo "1852"]

1. e4 c6 2. Qf3 e5 3. d3 Nf6 4. Be2 Be7 5. Qg3 Rg8 6. h4 Qc7 7. h5 h6 8. Bf3 b6
9. Ne2 Bb7 10. d4 d6 11. c3 Na6 12. a4 O-O-O 13. Bg4+ Nxg4 14. Qxg4+ Kb8 15. b4
Ka8 16. b5 cxb5 17. axb5 Nb8 18. O-O Bc8 19. Qf3 Bf6 20. d5 Bd7 21. Qe3 Bxb5 22.
Qd2 Na6 23. g4 Qb7 24. Re1 Bg5 25. Qc2 Rc8 26. Bxg5 hxg5 27. f3 Bxe2 28. Qxe2
Nc5 29. Nd2 f6 30. c4 g6 31. h6 Rh8 32. Qh2 Qh7 33. Ra2 Rc7 34. Rb1 Rb7 35. Kf2
Qxh6 36. Qxh6 Rxh6 37. Kg3 Nd3 38. Nb3 Nf4 39. Na5 bxa5 40. Rxb7 Kxb7 41. Rxa5
Kb6 42. Rb5+ Kc7 43. c5 Rh3+ 44. Kf2 dxc5 45. Rxc5+ Kd7 46. Ra5 Rh2+ 47. Kg3
Rg2# 0-1